All Rainbow Six Siege Operators - Statistics

General Stats
  • This quiz has been taken 398 times
    104 since last reset
  • The average score is 48 of 73
Answer Stats
Organization/CTU Operator % Correct
FBI SWAT Ash
98%
SAS Sledge
90%
FBI SWAT Thermite
88%
GIGN Doc
84%
GIGN Rook
84%
Spetsnaz Kapkan
83%
Spetsnaz Fuze
81%
SAS Mute
81%
SAS Smoke
81%
GSG9 Blitz
79%
FBI SWAT Pulse
79%
JTF2 Buck
78%
FBI SWAT Castle
78%
SAS Thatcher
78%
GIGN Twitch
78%
SEALs Blackbeard
76%
Keres Legion Deimos
76%
707th SMB Vigil
76%
GSG9 Bandit
74%
GSG9 IQ
74%
GSG9 Jäger
74%
CBRN Lion
74%
NIGHTHAVEN Ace
72%
BOPE Caveira
72%
Spetsnaz Tachanka
72%
707th SMB Dokkaebi
71%
CBRN Finka
71%
JTF2 Frost
71%
SEALs Valkyrie
71%
Spetsnaz Glaz
69%
GIGN Montagne
69%
Secret Service Warden
69%
SAT Hibana
67%
SDU Lesion
67%
Unaffiliated Azami
64%
BOPE Capitão
64%
GROM Ela
64%
Jaeger Corps Nøkk
64%
35th Commando Battalion Ram
64%
GEO Jackal
62%
GEO Mira
62%
SASR Mozzie
62%
SDU Ying
62%
SAT Echo
60%
Unaffiliated Fenrir
60%
GIGR Kaid
60%
NIGHTHAVEN Kali
60%
NIGHTHAVEN Osa
60%
GSUTR Clash
59%
GROM Zofia
59%
SASR Gridlock
57%
NIGHTHAVEN Grim
57%
GIGR Nomad
57%
NIGHTHAVEN Wamai
57%
COT Brava
55%
GSUTR Maverick
55%
ROS Sentry
55%
ROS Striker
55%
APCA Amaru
53%
REU Iana
53%
GIS Maestro
53%
NIGHTHAVEN Aruni
52%
Ghosteyes Solis
52%
GIS Alibi
50%
GIGR (Unofficially) Oryx
50%
SFG Sens
50%
STAR-NET Thunderbird
50%
FES Goyo
47%
ITF Melusi
47%
Garda ERU Thorn
47%
ROS Zero
47%
FBI Flores
43%
DEA Tubarão
43%
No matching quizzes found
Score Distribution
Percent of People with Each Score
Percentile by Number Answered
Your Score History
You have not taken this quiz since the last reset